000
00229nam a22000857a 4500
008
170601b xxu||||| |||| 00| 0 eng d
100
_9
3211
_a
Shastri. K
245
_a
The Adventure of Golden Flowers
260
_a
New Delhi
_b
Devamala
_c
2001
999
_c
6524
_d
6524